[Event "Yangon Zaw Win Lay Memorial"]
[Site "Yangon"]
[Date "2014.11.28"]
[Round "8"]
[White "Than, Htike Zaw Mdy"]
[Black "Htun, Htun Than"]
[Result "0-1"]
[WhiteElo "1994"]
[BlackElo "2344"]
[PlyCount "140"]
[EventDate "2014.11.24"]
[EventType "swiss"]
[EventRounds "9"]
[EventCountry "MYA"]
[SourceTitle "EXT 2016"]
[Source "ChessBase"]
[SourceDate "2015.10.08"]
[SourceVersion "1"]
[SourceVersionDate "2015.10.08"]
[SourceQuality "1"]

1. d4 Nf6 2. c4 c5 3. d5 b5 4. cxb5 a6 5. b6 Qxb6 6. Nc3 d6 7. e4 g6 8. Nf3 Bg7 9. Be2 0-0 10. 0-0 Nbd7 11. Qc2 Rb8 12. Rb1 Ne8 13. Bg5 Qd8 14. Nd2 Nc7 15. Nc4 Ne5 16. Nxe5 Bxe5 17. Bh6 Bg7 18. Bxg7 Kxg7 19. Rbd1 Bd7 20. f4 Bb5 21. a4 Bxe2 22. Qxe2 Rb4 23. e5 f6 24. exd6 exd6 25. Qf2 f5 26. Rfe1 Re8 27. Rxe8 Nxe8 28. Re1 Nc7 29. Qe2 Kf7 30. g3 Qf6 31. h4 Rb8 32. Rd1 h5 33. Rd2 Rb4 34. Qe3 Kf8 35. Kh2 Qe7 36. Qf2 Qf7 37. Qe2 Qf6 38. Qf2 Ke7 39. Kg2 Kd7 40. Qe3 Qf7 41. Kf3 Rb3 42. Kf2 Qf6 43. Kf3 Qh8 44. Kg2 Qe8 45. Qf2 Qb8 46. Kh3 Qb4 47. Qe2 Kc8 48. Kg2 Kd7 49. Kh3 Kd8 50. Kg2 Kd7 51. Kh2 Qb8 52. Kg2 Qh8 53. Qe3 Qg7 54. Qf2 Qf7 55. Kh3 Qf6 56. Qe3 Rb4 57. Kg2 Rd4 58. Kf3 Rb4 59. Kg2 Qf7 60. Qf2 Kc8 61. Qe3 Kb7 62. Qf3 Rb3 63. Qe3 Qd7 64. Kh2 Qxa4 65. Qxc5 Qb4 66. Qc6+ Kb8 67. Kg2 Rxb2 68. Rxb2 Qxb2+ 69. Kf3 Qb3 70. Ke3 Qxc3+ 0-1

[Event "Yangon Zaw Win Lay Memorial"]
[Site "Yangon"]
[Date "2014.11.25"]
[Round "3"]
[White "Htun, Htun Than"]
[Black "Chit, Ko Ko A"]
[Result "1-0"]
[WhiteElo "2344"]
[BlackElo "2174"]
[PlyCount "103"]
[EventDate "2014.11.24"]
[EventType "swiss"]
[EventRounds "9"]
[EventCountry "MYA"]
[SourceTitle "EXT 2016"]
[Source "ChessBase"]
[SourceDate "2015.10.08"]
[SourceVersion "1"]
[SourceVersionDate "2015.10.08"]
[SourceQuality "1"]

1. e4 g6 2. d4 Bg7 3. c4 d6 4. Nc3 Nf6 5. f3 0-0 6. Be3 e5 7. Nge2 Nc6 8. d5 Ne7 9. Qd2 Ne8 10. g4 f5 11. gxf5 gxf5 12. Bg5 f4 13. 0-0-0 Bf6 14. h4 Kh8 15. Bh3 Bxh3 16. Rxh3 Ng8 17. Rg1 Rf7 18. Rh2 Rg7 19. Rhg2 h6 20. Bxf6 Qxf6 21. Qe1 Rxg2 22. Rxg2 Ng7 23. Qh1 a6 24. Kc2 Qf7 25. Qh3 Nf6 26. Nc1 Qd7 27. Qxd7 Nxd7 28. b4 Kh7 29. Nb3 b6 30. c5 Rg8 31. c6 Nf8 32. Kd3 Ng6 33. Rh2 Nh5 34. b5 a5 35. Nd2 Ne7 36. Ne2 Ng3 37. Nc3 Kg6 38. Nd1 Kh5 39. Nf2 Ng6 40. Ng4 Rf8 41. Nc4 Nxh4 42. Ncxe5 dxe5 43. Nxe5 Re8 44. Nc4 Kg5 45. Rf2 Ng6 46. d6 cxd6 47. Nxb6 Kf6 48. Kd4 Ke6 49. Nd5 Rc8 50. Rc2 Ne5 51. Nxf4+ Kf7 52. c7 1-0

[Event "Yangon Campomanes Memorial"]
[Site "Yangon"]
[Date "2011.09.28"]
[Round "12"]
[White "Htun, Htun Than"]
[Black "Goh, Wei Ming Kevin"]
[Result "1-0"]
[WhiteElo "2363"]
[BlackElo "2449"]
[PlyCount "57"]
[EventDate "2011.09.22"]
[EventType "tourn"]
[EventRounds "13"]
[EventCountry "MYA"]
[EventCategory "5"]
[SourceTitle "EXT 2012"]
[Source "ChessBase"]
[SourceDate "2011.11.24"]
[SourceVersion "1"]
[SourceVersionDate "2011.11.24"]
[SourceQuality "1"]

1. e4 e6 2. d4 d5 3. Nc3 Nf6 4. e5 Nfd7 5. f4 c5 6. Nf3 Nc6 7. Be3 Be7 8. Qd2 0-0 9. Bd3 a6 10. 0-0 b5 11. dxc5 Bxc5 12. Bxc5 Nxc5 13. Qf2 Qe7 14. Bxh7+ Kh8 15. Ng5 g6 16. Qh4 Kg7 17. Bxg6 Rh8 18. Bh5 Kf8 19. Qg4 Qa7 20. Kh1 Nd4 21. b4 Na4 22. Nxa4 bxa4 23. Bxf7 Ke7 24. Bg6 Bd7 25. Nf7 Rhg8 26. Qg5+ Kf8 27. Nh6 Rxg6 28. Qxg6 Bc8 29. f5 1-0

[Event "Yangon Campomanes Memorial"]
[Site "Yangon"]
[Date "2011.09.25"]
[Round "6"]
[White "Htun, Htun Than"]
[Black "Myo, Naing"]
[Result "0-1"]
[WhiteElo "2363"]
[BlackElo "2317"]
[PlyCount "68"]
[EventDate "2011.09.22"]
[EventType "tourn"]
[EventRounds "13"]
[EventCountry "MYA"]
[EventCategory "5"]
[SourceTitle "EXT 2012"]
[Source "ChessBase"]
[SourceDate "2011.11.24"]
[SourceVersion "1"]
[SourceVersionDate "2011.11.24"]
[SourceQuality "1"]

1. Nf3 Nf6 2. c4 c6 3. g3 d5 4. b3 Bf5 5. Bb2 e6 6. Bg2 h6 7. 0-0 Nbd7 8. d3 Be7 9. Nbd2 0-0 10. Re1 Bh7 11. a3 a5 12. Bc3 Qb6 13. Bh3 Rfd8 14. d4 c5 15. e3 Ne4 16. Nxe4 Bxe4 17. Nd2 Bg6 18. cxd5 exd5 19. Bg2 Nf6 20. Qc1 Rac8 21. Qb2 cxd4 22. Bxd4 Qe6 23. Rac1 Bf5 24. b4 axb4 25. axb4 Bh3 26. Qb3 Bxg2 27. Kxg2 Qf5 28. Bb6 Re8 29. Nf3 Qe4 30. b5 Rc4 31. Rxc4 dxc4 32. Qb1 Rc8 33. Qxe4 Nxe4 34. Ba5 c3 0-1

[Event "Yangon Campomanes Memorial"]
[Site "Yangon"]
[Date "2011.09.24"]
[Round "4"]
[White "Mok, Tze Meng"]
[Black "Htun, Htun Than"]
[Result "1-0"]
[WhiteElo "2363"]
[BlackElo "2363"]
[PlyCount "85"]
[EventDate "2011.09.22"]
[EventType "tourn"]
[EventRounds "13"]
[EventCountry "MYA"]
[EventCategory "5"]
[SourceTitle "EXT 2012"]
[Source "ChessBase"]
[SourceDate "2011.11.24"]
[SourceVersion "1"]
[SourceVersionDate "2011.11.24"]
[SourceQuality "1"]

1. e4 c5 2. Nf3 Nc6 3. Bb5 g6 4. Bxc6 dxc6 5. 0-0 Bg7 6. d3 Nf6 7. Nc3 Nd7 8. Be3 e5 9. a3 0-0 10. b4 Qe7 11. b5 Re8 12. bxc6 bxc6 13. Na4 c4 14. dxc4 Ba6 15. Nd2 Qd8 16. Nb2 Nf8 17. Nd3 Ne6 18. Rb1 Qc7 19. Nb4 Bc8 20. Qc1 Bf8 21. Nd3 f6 22. Qb2 Rd8 23. Qc3 c5 24. Rfe1 Bd7 25. Nf1 Bc6 26. f3 Rd7 27. Bc1 Rad8 28. Ne3 Nd4 29. Nd5 Qd6 30. Nf2 Ba4 31. Rb2 Bg7 32. Qa5 Bc6 33. c3 Ne6 34. Be3 Kf7 35. Rd1 Ba8 36. Rb5 Bf8 37. Nd3 Rc8 38. Rf1 Qc6 39. f4 exf4 40. Bxf4 Kg7 41. Bb8 Be7 42. Bxa7 Ng5 43. Rb6 1-0

[Event "Yangon Campomanes Memorial"]
[Site "Yangon"]
[Date "2011.09.23"]
[Round "3"]
[White "Htun, Lynn Kyaw"]
[Black "Htun, Htun Than"]
[Result "1-0"]
[WhiteElo "2321"]
[BlackElo "2363"]
[PlyCount "109"]
[EventDate "2011.09.22"]
[EventType "tourn"]
[EventRounds "13"]
[EventCountry "MYA"]
[EventCategory "5"]
[SourceTitle "EXT 2012"]
[Source "ChessBase"]
[SourceDate "2011.11.24"]
[SourceVersion "1"]
[SourceVersionDate "2011.11.24"]
[SourceQuality "1"]

1. e4 c5 2. Nf3 d6 3. d4 cxd4 4. Nxd4 Nf6 5. Nc3 a6 6. Be2 e5 7. Nb3 Be7 8. 0-0 0-0 9. Be3 Be6 10. Qd2 Nbd7 11. a4 Rc8 12. a5 h6 13. Rfd1 Ne8 14. Nc1 Bg5 15. Nd3 Bxe3 16. Qxe3 Rc4 17. f4 exf4 18. Nxf4 Rc5 19. b4 Rc8 20. Nxe6 fxe6 21. Bg4 Qe7 22. Qh3 Kh8 23. Ne2 Rf6 24. Nd4 Nc7 25. Rf1 Rcf8 26. Be2 d5 27. Qc3 Qd6 28. Rxf6 Rxf6 29. Bf3 Ne5 30. Re1 dxe4 31. Rxe4 Nd5 32. Qc5 Nxf3+ 33. Nxf3 Qd7 34. Ne5 Qa4 35. Nd3 Qe8 36. Re1 Qf7 37. h3 Kh7 38. Qd4 Kg8 39. Qe4 Qc7 40. Nc5 Qc6 41. Nxe6 Nxb4 42. Qxb4 Rxe6 43. Qb3 Kf7 44. Rxe6 Qxe6 45. Qxb7+ Kf8 46. Qc7 g5 47. Qc5+ Kg7 48. c4 Qe1+ 49. Kh2 Qe6 50. Qd5 Qf6 51. c5 Qf4+ 52. Kg1 Qc1+ 53. Kf2 Qf4+ 54. Ke2 Qc7 55. c6 1-0

[Event "Yangon schev"]
[Site "Yangon"]
[Date "1999.02.05"]
[Round "6"]
[White "Htun, Htun Than"]
[Black "Moun, Moun Latt"]
[Result "1-0"]
[WhiteElo "2499"]
[BlackElo "2554"]
[PlyCount "51"]
[EventDate "1999.01.??"]
[EventType "schev"]
[EventRounds "14"]
[EventCountry "BUR"]
[SourceTitle "EXT 2000"]
[Source "ChessBase"]
[SourceDate "1999.11.16"]
[SourceVersion "1"]
[SourceVersionDate "1999.11.16"]
[SourceQuality "1"]

1. e4 d6 2. d4 Nf6 3. f3 c5 4. d5 e6 5. c4 b5 6. cxb5 exd5 7. exd5 Be7 8. Bc4 Nbd7 9. Ne2 Ne5 10. b3 a6 11. Nbc3 Nfd7 12. f4 Bh4+ 13. g3 Nf3+ 14. Kf2 Nd4 15. Nxd4 cxd4 16. Re1+ Kf8 17. Ne4 Be7 18. Qxd4 f5 19. Bb2 Nf6 20. Nxf6 Bxf6 21. Qd2 Bxb2 22. Qxb2 axb5 23. Bd3 Qb6+ 24. Kf1 Bd7 25. Re7 Kxe7 26. Qxg7+ 1-0

[Event "Yangon schev"]
[Site "Yangon"]
[Date "1999.02.04"]
[Round "5"]
[White "Thein, Dan Oo"]
[Black "Htun, Htun Than"]
[Result "0-1"]
[WhiteElo "2539"]
[BlackElo "2499"]
[PlyCount "112"]
[EventDate "1999.01.??"]
[EventType "schev"]
[EventRounds "14"]
[EventCountry "BUR"]
[SourceTitle "EXT 2000"]
[Source "ChessBase"]
[SourceDate "1999.11.16"]
[SourceVersion "1"]
[SourceVersionDate "1999.11.16"]
[SourceQuality "1"]

1. e4 c5 2. Nf3 Nc6 3. d4 cxd4 4. Nxd4 Nf6 5. Nc3 d6 6. Be2 e6 7. 0-0 Be7 8. Be3 0-0 9. f4 a6 10. a4 Qc7 11. Kh1 Re8 12. Bg1 Bd7 13. Nb3 b6 14. Bf3 Rab8 15. g4 Bc8 16. g5 Nd7 17. Bg2 Bf8 18. Qh5 g6 19. Qh4 Bb7 20. Rad1 Bg7 21. Rf3 f5 22. exf5 gxf5 23. Rh3 Nf8 24. Qf2 Nb4 25. Nd4 Nc6 26. Nde2 Ne7 27. Rhd3 Red8 28. h4 Bxg2+ 29. Qxg2 b5 30. axb5 axb5 31. Ra1 Nc8 32. Nd4 Bxd4 33. Bxd4 b4 34. Nd1 Ng6 35. Qf2 e5 36. Be3 Qc6+ 37. Kg1 Qe4 38. b3 exf4 39. Bd4 Re8 40. Rf3 Qe1+ 41. Qxe1 Rxe1+ 42. Kh2 Re4 43. Bf2 Ne5 44. Rh3 Ne7 45. Ra6 Re2 46. Rxd6 Rc8 47. Kg1 Rcxc2 48. Kf1 f3 49. h5 Ng4 50. Rxf3 Nh2+ 51. Kg2 Nxf3 52. Kxf3 Red2 53. Bg3 Nd5 54. Rd8+ Kf7 55. Rd7+ Ke8 56. Rxh7 Rd3+ 0-1

[Event "Yangon schev"]
[Site "Yangon"]
[Date "1999.02.01"]
[Round "2"]
[White "Htun, Htun Than"]
[Black "Zaw, Oo"]
[Result "0-1"]
[WhiteElo "2499"]
[BlackElo "2440"]
[PlyCount "80"]
[EventDate "1999.01.??"]
[EventType "schev"]
[EventRounds "14"]
[EventCountry "BUR"]
[SourceTitle "EXT 2000"]
[Source "ChessBase"]
[SourceDate "1999.11.16"]
[SourceVersion "1"]
[SourceVersionDate "1999.11.16"]
[SourceQuality "1"]

1. e4 c5 2. Nf3 d6 3. d4 cxd4 4. Nxd4 Nf6 5. Nc3 a6 6. Bc4 e6 7. Bb3 Be7 8. Be3 Nc6 9. Qe2 0-0 10. 0-0-0 Qc7 11. g4 Rb8 12. g5 Nd7 13. h4 Nc5 14. f4 b5 15. f5 b4 16. Na4 Nxd4 17. Bxd4 Nxb3+ 18. axb3 exf5 19. exf5 Bxf5 20. Nb6 Rfe8 21. Qf2 Be4 22. Rhf1 Bf8 23. Rd2 d5 24. Be3 Rbd8 25. h5 Re6 26. h6 f5 27. gxf6 Rxf6 28. Qg1 Rg6 29. Qf2 Rg2 30. Qe1 Rxd2 31. Qxd2 d4 32. Bg5 Qxb6 33. Bxd8 Qxd8 34. Qf4 Bg6 35. Qe5 gxh6 36. Qe6+ Kh8 37. Qxa6 h5 38. Qf6+ Qxf6 39. Rxf6 Kg8 40. Kd2 h4 0-1

[Event "Yangon schev"]
[Site "Yangon"]
[Date "1999.01.31"]
[Round "1"]
[White "Liang, Jinrong"]
[Black "Htun, Htun Than"]
[Result "1/2-1/2"]
[WhiteElo "2470"]
[BlackElo "2499"]
[PlyCount "92"]
[EventDate "1999.01.??"]
[EventType "schev"]
[EventRounds "14"]
[EventCountry "BUR"]
[SourceTitle "EXT 2000"]
[Source "ChessBase"]
[SourceDate "1999.11.16"]
[SourceVersion "1"]
[SourceVersionDate "1999.11.16"]
[SourceQuality "1"]

1. e4 c5 2. Nf3 Nc6 3. d4 cxd4 4. Nxd4 Nf6 5. Nc3 d6 6. Bg5 e6 7. Qd2 a6 8. 0-0-0 Bd7 9. g3 b5 10. Kb1 Be7 11. h4 0-0 12. g4 Rb8 13. Nce2 Ne5 14. Ng3 Nc4 15. Bxc4 bxc4 16. Ka1 Qc7 17. Nh5 c3 18. Qxc3 Qxc3 19. bxc3 Rfc8 20. Rb1 Kf8 21. Rxb8 Rxb8 22. Nxf6 gxf6 23. Bh6+ Ke8 24. Bd2 Ba4 25. Rb1 Rxb1+ 26. Kxb1 Kd7 27. h5 Bd8 28. c4 Bb6 29. Bc3 Bxd4 30. Bxd4 f5 31. gxf5 exf5 32. exf5 Bc6 33. f4 Bf3 34. h6 Kc6 35. Kb2 Be4 36. f6 Bf3 37. Kb3 Be2 38. Kb4 Bf1 39. a4 Be2 40. a5 Bf1 41. Bb6 Be2 42. Kc3 Bf1 43. Kd4 Be2 44. c5 d5 45. Ke5 Bc4 46. c3 Bb3 1/2-1/2